<?xml version='1.0' encoding='UTF-8'?>
  <record xmlns="http://www.loc.gov/MARC21/slim">
    <leader>00000cam a22000007i 4500</leader>
    <controlfield tag="001">ocm66605063</controlfield>
    <controlfield tag="003">OCoLC</controlfield>
    <controlfield tag="005">20250525145739.9</controlfield>
    <controlfield tag="008">040523s1566    be            000 0 dut d</controlfield>
    <datafield tag="040" ind1=" " ind2=" ">
      <subfield code="a">NLGGC</subfield>
      <subfield code="b">dut</subfield>
      <subfield code="e">fobidrtb</subfield>
      <subfield code="c">NLGGC</subfield>
      <subfield code="d">OCLCL</subfield>
      <subfield code="d">OCLCQ</subfield>
    </datafield>
    <datafield tag="035" ind1=" " ind2=" ">
      <subfield code="a">(OCoLC)66605063</subfield>
    </datafield>
    <datafield tag="245" ind1="0" ind2="0">
      <subfield code="a">Ordinantie ende placcaet sConijncs ons geduchts heeren, waerby verboden ende gheinterdiceert werdt allen ende eenen yeghelicken van wat state, qualiteit oft conditie die sijn krijgsvolck tzy te voete oft peerde in onse landen van herwertsoversere in scriven aennemen bestellen, oft in besoldinghe oplichten etc. op pene van ghehouden ende gheacht te werden voor sedicieuse menschen ende over sulck ghestraft te worden metter galghen.</subfield>
    </datafield>
    <datafield tag="260" ind1=" " ind2=" ">
      <subfield code="a">Te Gendt :</subfield>
      <subfield code="b">by Jan van den Steene d'aude [etc.],</subfield>
      <subfield code="c">1566.</subfield>
    </datafield>
    <datafield tag="300" ind1=" " ind2=" ">
      <subfield code="c">19 cm.</subfield>
    </datafield>
    <datafield tag="336" ind1=" " ind2=" ">
      <subfield code="a">tekst</subfield>
      <subfield code="b">txt</subfield>
      <subfield code="2">rdacontent/dut</subfield>
    </datafield>
    <datafield tag="337" ind1=" " ind2=" ">
      <subfield code="a">zonder medium</subfield>
      <subfield code="b">n</subfield>
      <subfield code="2">rdamedia/dut</subfield>
    </datafield>
    <datafield tag="338" ind1=" " ind2=" ">
      <subfield code="a">band</subfield>
      <subfield code="b">nc</subfield>
      <subfield code="2">rdacarrier/dut</subfield>
    </datafield>
    <datafield tag="500" ind1=" " ind2=" ">
      <subfield code="a">Geen katernsignering.</subfield>
    </datafield>
    <datafield tag="510" ind1="0" ind2=" ">
      <subfield code="a">Van Someren 32</subfield>
    </datafield>
    <datafield tag="700" ind1="0" ind2=" ">
      <subfield code="a">Filips II,</subfield>
      <subfield code="c">koning van Spanje.</subfield>
    </datafield>
    <datafield tag="758" ind1=" " ind2=" ">
      <subfield code="a">Ordinantie ende placcaet sConijncs ons geduchts heeren, waerby verboden ende gheinterdiceert werdt allen ende eenen yeghelicken van wat state, qualiteit oft conditie die sijn krijgsvolck tzy te voete oft peerde in onse landen van herwertsoversere in scriven aennemen bestellen, oft in besoldinghe oplichten etc. op pene van ghehouden ende gheacht te werden voor sedicieuse menschen ende over sulck ghestraft te worden metter galghen (Text)</subfield>
      <subfield code="1">https://id.oclc.org/worldcat/entity/E39PD33r3mgHGtx9pcWVfCC9tC</subfield>
      <subfield code="4">https://id.oclc.org/worldcat/ontology/hasWork</subfield>
    </datafield>
    <datafield tag="936" ind1=" " ind2=" ">
      <subfield code="a">BATCHLOAD</subfield>
    </datafield>
  </record>